Qual è la città più a nord? - Statistics

Statistiche generali
  • Questo quiz è stato fatto 43 volte
  • Il punteggio medio è 2 su 10
Statistiche sulle risposte
Domanda Risposta % Corretto
Qual è la città più a nord? Bogotà
63%
Qual è la città più a nord? Helsinki
45%
Qual è la città più a nord? Tunisi
24%
Qual è la città più a nord? Dubai
21%
Qual è la città più a nord? Città del Capo
18%
Qual è la città più a nord? Il Cairo
18%
Qual è la città più a nord? Istanbul
18%
Qual è la città più a nord? Berlino
11%
Qual è la città più a nord? Lecce
11%
Qual è la città più a nord? Bari
5%
Nessun quiz corrispondente trovato
Distribuzione punteggi
Percentuale di utenti per punteggio
Percentile per numero di risposta
I tuoi punteggi nel tempo
Non hai fatto questo quiz